Normal view
MARC view
- Philippine folk literature--Collection
Entry Topical Term
001 - CONTROL NUMBER
- control field: 33529
003 - CONTROL NUMBER IDENTIFIER
- control field: OSt
005 - DATE AND TIME OF LATEST TRANSACTION
- control field: 20181220152803.0
008 - FIXED-LENGTH DATA ELEMENTS
- fixed length control field: 181220|| aca||aabn | a|a d
040 ## - CATALOGING SOURCE
- Original cataloging agency: OSt
- Transcribing agency: OSt
150 ## - HEADING--TOPICAL TERM
- Topical term or geographic name entry element: Philippine folk literature--Collection
670 ## - SOURCE DATA FOUND
- Source citation: Work cat.: (OSt): Si Makut (W. Bukidnon-Manobo), c2001.
